| 000 | 00637nam a2200217Ii 4500 | ||
|---|---|---|---|
| 003 | JO-AjNU | ||
| 008 | 230606s9999||||xx |||||||||||||| ||und|| | ||
| 020 | _a1-292-10600-X/978-1-292-10600 | ||
| 040 |
_aJO-AjNU _beng _erda _cJO-AjNU |
||
| 041 | _aeng | ||
| 050 | 1 | 4 | _aTA683.2.M34.2016 |
| 100 | 3 |
_aWight, James, _eauthor _95215 |
|
| 245 | 0 | 0 | _aReinforced Concrete Mechanic and Design |
| 250 | _a7 ed | ||
| 264 | 3 | 1 | _aNew Jersy:pearson,2009 |
| 300 | _a116p | ||
| 336 |
_atext _btxt _2rdacontent |
||
| 337 |
_aunmediated _bn _2rdamedia |
||
| 338 |
_avolume _bnc _2rdacarrier |
||
| 650 | 4 |
_aReinforced Concrete Mechanic and Design _95216 |
|
| 999 |
_aE2695 _c2693 _d2693 |
||